000 00868nam a2200265Ia 4500
003 OSt
005 20220923214135.0
006 a|||||r|||| 00| 0
007 ta
008 220922b |||||||| |||| 00| 0 hin d
024 _a167,288
037 _cTextual
040 _aARTS
_cARTS
_bhin
041 _2hin
_ahin
082 _aO152,1J90x, J7
100 _aव्रजरत्मदास, संपा.
245 0 _aनंददास ग्रंथावली
246 _aNandadās granthāvalī
250 _aसंस्क02
260 _aकाशी
_b नागरी प्रचारिणी सभा
_c1957
300 _a39 पृ.
_ccm.
650 _aहिन्दी साहित्य
_9156264
942 _hO152,1J90x, J7
_cTEXL
_2CC
999 _c321767
_d321767